Normal view
MARC view
Entry Personal Name
001 - CONTROL NUMBER
- control field: 20549
003 - CONTROL NUMBER IDENTIFIER
- control field: ARRUPE
005 - DATE AND TIME OF LATEST TRANSACTION
- control field: 20151026154827.0
008 - FIXED-LENGTH DATA ELEMENTS
- fixed length control field: 151026|| aca||aabn | a|a d
040 ## - CATALOGING SOURCE
- Original cataloging agency: ARRUPE
- Transcribing agency: ARRUPE
100 ## - HEADING--PERSONAL NAME
- Personal name: Caponigri, A. Robert
- Fuller form of name: (Aloysius Robert),
- Dates associated with a name: 1915-
670 ## - SOURCE DATA FOUND
- Source citation: Work cat.: (ARRUPE)0: Caponigri, A. Robert (Aloysius Robert), 1915-, Time and idea:, [1968, c1953]